000
00473nam a2200145Ia 4500
008
151213s9999 xx 000 0 und d
100
_a
শেখ সাদী র:
245
_a
১৫২ গল্প।
_c
শেখ সাদী র:
260
_a
ঢাকা
_b
সোলেমানিয়া বুক হাউস।
_c
2011
300
_a
10990 p.
650
_a
Bangla
650
_a
ইসলামী বই
700
_a
শেখ সাদী র:
999
_c
4962
_d
4962